[Event "Novi Sad Vujovic Memorial"]
[Site "Novi Sad"]
[Date "2014.11.20"]
[Round "10"]
[White "Mikheev, Stanislav Valerievi"]
[Black "Varini, Massimo"]
[Result "1-0"]
[WhiteElo "2216"]
[BlackElo "2038"]
[PlyCount "72"]
[EventDate "2014.11.14"]
[EventType "swiss"]
[EventRounds "10"]
[EventCountry "SRB"]
[SourceTitle "CBM 163 Extra"]
[Source "ChessBase"]
[SourceDate "2014.12.23"]
[SourceVersion "1"]
[SourceVersionDate "2014.12.23"]
[SourceQuality "1"]

1. d4 e6 2. c4 d5 3. Nf3 Nf6 4. g3 Bb4+ 5. Bd2 a5 6. Bg2 0-0 7. 0-0 Nbd7 8. Qc2 Qe7 9. Bg5 b6 10. c5 bxc5 11. a3 cxd4 12. axb4 Qxb4 13. Bd2 Qb6 14. b4 Ba6 15. bxa5 Qd6 16. Nxd4 c5 17. Nf3 Bxe2 18. Re1 Ba6 19. Bf4 Qc6 20. Nbd2 Rfd8 21. Rec1 Bb5 22. Qb2 Qa6 23. Ne5 h6 24. Rcb1 Nxe5 25. Bxe5 Bd3 26. Bxf6 gxf6 27. Bf1 Bxf1 28. Nxf1 c4 29. Qd2 d4 30. Rb6 Qxb6 31. axb6 Rxa1 32. Qb2 Ra4 33. b7 Rb8 34. Qb6 e5 35. Qxf6 Rxb7 36. Qxe5 c3 1-0

[Event "SLO-chT1 West"]
[Site "Ljubljana"]
[Date "2012.09.22"]
[Round "2.4"]
[White "Kosmac, Blaz"]
[Black "Varini, Massimo"]
[Result "1-0"]
[WhiteElo "2195"]
[BlackElo "2070"]
[PlyCount "67"]
[EventDate "2012.09.21"]
[EventType "team-tourn"]
[EventRounds "9"]
[EventCountry "SLO"]
[SourceTitle "EXT 2022"]
[Source "ChessBase"]
[SourceDate "2021.10.06"]
[SourceVersion "1"]
[SourceVersionDate "2021.10.06"]
[SourceQuality "1"]
[WhiteTeam "Kranj Tomo Zupan"]
[BlackTeam "Sezana"]
[WhiteTeamCountry "SLO"]
[BlackTeamCountry "SLO"]

1. e4 e6 2. Nc3 c5 3. g3 Nc6 4. Bg2 g6 5. d3 Bg7 6. Be3 d6 7. Qd2 Nd4 8. Nd1 Ne7 9. c3 Ndc6 10. Bh6 0-0 11. h4 Ne5 12. h5 Ng4 13. Bxg7 Kxg7 14. f3 Nf6 15. hxg6 fxg6 16. Qh6+ Kg8 17. Nh3 Nc6 18. Nf4 Ne5 19. Ne3 Qe7 20. 0-0-0 Bd7 21. g4 Nf7 22. Qh2 Ng5 23. Qh6 Nxg4 24. Nxg4 Rxf4 25. e5 dxe5 26. Nxe5 Be8 27. Qh2 Qf6 28. Ng4 Qf8 29. Qh4 h5 30. Qxg5 hxg4 31. fxg4 Rf2 32. Rdf1 Rc8 33. Rxf2 Qxf2 34. Qe5 1-0

[Event "Trieste op 12th"]
[Site "Trieste"]
[Date "2010.09.04"]
[Round "1"]
[White "Varini, Massimo"]
[Black "Ulybin, Mikhail"]
[Result "0-1"]
[WhiteElo "2076"]
[BlackElo "2540"]
[PlyCount "108"]
[EventDate "2010.09.04"]
[EventType "swiss"]
[EventRounds "9"]
[EventCountry "ITA"]
[SourceTitle "CBM 138 Extra"]
[Source "ChessBase"]
[SourceDate "2010.10.29"]
[SourceVersion "1"]
[SourceVersionDate "2010.10.29"]
[SourceQuality "1"]

1. d4 e6 2. Nf3 c5 3. e3 Nf6 4. Bd3 Be7 5. 0-0 0-0 6. Nbd2 b6 7. b3 Bb7 8. Bb2 d6 9. Qe2 Nbd7 10. c4 Re8 11. Rad1 Bf8 12. e4 cxd4 13. Nxd4 a6 14. Bb1 g6 15. N4f3 e5 16. Rfe1 b5 17. a3 Qb6 18. cxb5 axb5 19. Bd3 Bc6 20. b4 d5 21. exd5 Nxd5 22. Bb1 Qb7 23. Ba2 Nf4 24. Qf1 Bg7 25. Re3 Nb6 26. Nb3 Nbd5 27. Na5 Rxa5 28. bxa5 Nxe3 29. fxe3 Nd5 30. Ng5 Rf8 31. Qf2 h6 32. Ne4 Kh8 33. Nc5 Qa8 34. a6 Ne7 35. Bc3 Nf5 36. Re1 h5 37. e4 Nd4 38. Bb4 f5 39. Qg3 Qe8 40. Nb7 f4 41. Qf2 Rf6 42. Bc3 f3 43. Bxd4 fxg2 44. Qg3 exd4 45. Bd5 Qa8 46. Nc5 Qa7 47. Bxc6 Rxc6 48. Nd3 Rxa6 49. Qxg2 Kh7 50. e5 Bh6 51. Rf1 Rxa3 52. e6 Rxd3 53. Rf7+ Qxf7 54. exf7 Rd1+ 0-1

[Event "Udine Oro Caffe op 3rd"]
[Site "Udine"]
[Date "2010.07.05"]
[Round "1"]
[White "Maestri, Roberto"]
[Black "Varini, Massimo"]
[Result "0-1"]
[WhiteElo "1768"]
[BlackElo "2076"]
[PlyCount "44"]
[EventDate "2010.07.05"]
[EventType "swiss"]
[EventRounds "7"]
[EventCountry "ITA"]
[SourceTitle "EXT 2024"]
[Source "ChessBase"]
[SourceDate "2023.10.10"]
[SourceVersion "1"]
[SourceVersionDate "2023.10.10"]
[SourceQuality "1"]

1. e4 e6 2. d4 d5 3. Nc3 Bb4 4. a3 Bxc3+ 5. bxc3 dxe4 6. f3 c5 7. Be3 Nf6 8. fxe4 Nxe4 9. Qg4 Nf6 10. Qxg7 Rg8 11. Qh6 Rg6 12. Qh4 Rg4 13. Qh6 Re4 14. Bd3 Ng4 15. Qxh7 Rxe3+ 16. Ne2 Qg5 17. 0-0 f5 18. Rae1 Rxd3 19. Qh8+ Kd7 20. Qh7+ Kc6 21. cxd3 Qe3+ 22. Kh1 Nf2+ 0-1

[Event "SLO-chT2 West"]
[Site "Postojna"]
[Date "2009.10.25"]
[Round "5.3"]
[White "Varini, Massimo"]
[Black "Urbanc, Vinko"]
[Result "1-0"]
[WhiteElo "2072"]
[BlackElo "1919"]
[PlyCount "67"]
[EventDate "2009.10.23"]
[EventType "team-tourn"]
[EventRounds "9"]
[EventCountry "SLO"]
[SourceTitle "EXT 2010"]
[Source "ChessBase"]
[SourceDate "2010.11.25"]
[SourceVersion "1"]
[SourceVersionDate "2010.11.25"]
[SourceQuality "1"]
[WhiteTeam "Sezana"]
[BlackTeam "Trzin"]
[WhiteTeamCountry "SLO"]
[BlackTeamCountry "SLO"]

1. d4 Nf6 2. c4 g6 3. Nf3 Bg7 4. Nc3 d5 5. cxd5 Nxd5 6. e4 Nxc3 7. bxc3 c5 8. Be2 0-0 9. Rb1 cxd4 10. cxd4 Nc6 11. Be3 Qa5+ 12. Bd2 Qxa2 13. d5 Na5 14. Bb4 b6 15. Bxe7 Re8 16. d6 Bd7 17. 0-0 Bf8 18. Bxf8 Rxf8 19. Ba6 Rad8 20. Qd3 Rfe8 21. Rfe1 f6 22. Rbc1 Qb3 23. Qd4 Re6 24. Rc7 Bb5 25. Rc8 Ree8 26. Bxb5 Qxb5 27. Rxd8 Rxd8 28. Qxf6 Qe8 29. e5 Nc4 30. Qh4 b5 31. Ng5 Rd7 32. Ne4 Kg7 33. Nf6 Qd8 34. Qxh7+ 1-0

[Event "SLO-chT2 West"]
[Site "Postojna"]
[Date "2009.10.24"]
[Round "2.4"]
[White "Varini, Massimo"]
[Black "Sirnik, Bostjan"]
[Result "0-1"]
[WhiteElo "2072"]
[BlackElo "2207"]
[PlyCount "62"]
[EventDate "2009.10.23"]
[EventType "team-tourn"]
[EventRounds "9"]
[EventCountry "SLO"]
[SourceTitle "EXT 2010"]
[Source "ChessBase"]
[SourceDate "2010.11.25"]
[SourceVersion "1"]
[SourceVersionDate "2010.11.25"]
[SourceQuality "1"]
[WhiteTeam "Sezana"]
[BlackTeam "Koper"]
[WhiteTeamCountry "SLO"]
[BlackTeamCountry "SLO"]

1. e4 d6 2. d4 Nf6 3. Nc3 e5 4. Nf3 exd4 5. Nxd4 Be7 6. Be2 0-0 7. 0-0 c5 8. Nb3 a5 9. a4 Nc6 10. f4 Nb4 11. Bf3 Be6 12. Ra3 d5 13. e5 Ne8 14. g4 f5 15. gxf5 Bxf5 16. Bxd5+ Kh8 17. Bxb7 Nxc2 18. Bxa8 Qxa8 19. Nd5 Bd8 20. Ne3 Nxa3 21. Nxf5 Rxf5 22. Qd7 Rf8 23. bxa3 Nc7 24. Nxc5 Nd5 25. Nb7 Bb6+ 26. Kg2 Qa6 27. Re1 Qc4 28. Qb5 Nxf4+ 29. Bxf4 Qxf4 30. Qxb6 Qd2+ 31. Kh3 Rf3+ 0-1

[Event "Trieste op 11th"]
[Site "Trieste"]
[Date "2009.09.01"]
[Round "4"]
[White "Varini, Massimo"]
[Black "Suc, Timothy"]
[Result "1/2-1/2"]
[WhiteElo "2084"]
[BlackElo "1991"]
[PlyCount "98"]
[EventDate "2009.08.30"]
[EventType "swiss"]
[EventRounds "9"]
[EventCountry "ITA"]
[SourceTitle "CBM 132 Extra"]
[Source "ChessBase"]
[SourceDate "2009.11.03"]
[SourceVersion "1"]
[SourceVersionDate "2009.11.03"]
[SourceQuality "1"]

1. e4 d5 2. exd5 Qxd5 3. Nc3 Qa5 4. b4 Qxb4 5. Rb1 Qd6 6. Rb3 Nf6 7. d4 c6 8. Nf3 Nbd7 9. Bc4 Nb6 10. Ba3 Qc7 11. Be2 g6 12. 0-0 Bg7 13. Re1 0-0 14. Ne5 Be6 15. Rb1 Rfd8 16. Bf3 Nbd5 17. Nxd5 cxd5 18. c4 Rab8 19. c5 Nd7 20. Nxd7 Qxd7 21. Rb4 b6 22. Ra4 b5 23. Ra6 Qb7 24. Raxe6 fxe6 25. Rxe6 b4 26. Bc1 b3 27. c6 Qc8 28. Bg4 b2 29. Bxb2 Rxb2 30. Qc1 Rb6 31. Rxg6 hxg6 32. Bxc8 Rxc8 33. h4 Kh7 34. h5 Rcxc6 35. Qg5 gxh5 36. Qxh5+ Rh6 37. Qf5+ Kh8 38. Qc8+ Kh7 39. Qf5+ Kg8 40. Qxd5+ e6 41. Qa8+ Bf8 42. g3 Ra6 43. d5 Rxa2 44. Qd8 Ra1+ 45. Kg2 exd5 46. Qxd5+ Kh8 47. Qd8 Kg8 48. Qd5+ Kh7 49. Qf5+ Kg8 1/2-1/2

[Event "Bled op-B 25th"]
[Site "Bled"]
[Date "2008.02.26"]
[Round "5"]
[White "Varini, Massimo"]
[Black "Hrenic, Misa"]
[Result "1-0"]
[WhiteElo "2030"]
[BlackElo "1979"]
[PlyCount "73"]
[EventDate "2008.02.23"]
[EventType "swiss"]
[EventRounds "9"]
[EventCountry "SLO"]
[SourceTitle "CBM 122 Extra"]
[Source "ChessBase"]
[SourceDate "2008.03.04"]
[SourceVersion "1"]
[SourceVersionDate "2008.03.04"]
[SourceQuality "1"]

1. d4 Nf6 2. c4 e6 3. Nf3 d5 4. Nc3 Be7 5. Bf4 0-0 6. e3 b6 7. cxd5 exd5 8. Ne5 Bb7 9. Qa4 c6 10. Be2 Bd6 11. 0-0 Qc7 12. Rac1 Qe7 13. Rfd1 h6 14. Bf3 Bxe5 15. Bxe5 Nbd7 16. Bg3 Rfe8 17. b4 a6 18. Qb3 Nf8 19. Nxd5 Nxd5 20. Bxd5 cxd5 21. Rc7 Qd8 22. Rxb7 Ne6 23. Rc1 Rc8 24. Qb1 b5 25. h3 Rc4 26. Rxc4 dxc4 27. Qf5 Rf8 28. d5 Qg5 29. Qe4 Nd8 30. Rc7 f5 31. Qd4 Nf7 32. Bh4 Qg6 33. Rc6 Qh5 34. Be7 Re8 35. d6 Kh7 36. Qd5 Kh8 37. Rxa6 1-0

[Event "Nova Gorica op-B 13th"]
[Site "Nova Gorica"]
[Date "2008.01.27"]
[Round "4"]
[White "Varini, Massimo"]
[Black "Skoberne, Renato"]
[Result "0-1"]
[WhiteElo "2030"]
[BlackElo "2118"]
[PlyCount "148"]
[EventDate "2008.01.26"]
[EventType "swiss"]
[EventRounds "9"]
[EventCountry "SLO"]
[SourceTitle "EXT 2010"]
[Source "ChessBase"]
[SourceDate "2010.11.25"]
[SourceVersion "1"]
[SourceVersionDate "2010.11.25"]
[SourceQuality "1"]

1. e4 d6 2. d4 Nf6 3. Nc3 g6 4. Nf3 c6 5. Be2 Qc7 6. 0-0 e5 7. Bg5 Bg7 8. h3 Nbd7 9. a4 a5 10. Re1 h6 11. Be3 0-0 12. Qd2 Kh7 13. dxe5 dxe5 14. Rad1 Re8 15. Bc4 Rf8 16. Qd6 Qxd6 17. Rxd6 g5 18. Red1 Kg8 19. Nh2 Re8 20. Nf1 Bf8 21. R6d2 Nc5 22. Ng3 Be6 23. Bxe6 fxe6 24. f3 Na6 25. Bb6 Bc5+ 26. Bxc5 Nxc5 27. b3 Kf7 28. Kf2 Ke7 29. Nb1 Red8 30. Rxd8 Rxd8 31. Rxd8 Kxd8 32. Na3 b6 33. Nc4 Ncd7 34. Nf1 Ke7 35. Nfe3 Ne8 36. Ng4 h5 37. Ngxe5 Nxe5 38. Nxe5 Kd6 39. Nf7+ Kc5 40. Nxg5 Ng7 41. Ke3 Kb4 42. Kd3 b5 43. e5 bxa4 44. bxa4 Kxa4 45. Kc3 Ka3 46. Ne4 h4 47. Nd6 Nh5 48. Nc4+ Ka4 49. Nb2+ Kb5 50. Nd3 c5 51. Ne1 Nf4 52. Kb3 c4+ 53. Ka3 Kc5 54. Ka4 Kd4 55. Kxa5 Kc3 56. Kb5 Kd2 57. Kxc4 Kxe1 58. Kd4 Kf2 59. c4 Kxg2 60. Ke4 Nxh3 61. f4 Nf2+ 62. Kd4 h3 63. f5 h2 64. f6 h1Q 65. Kc5 Qd1 66. Kc6 Ng4 67. c5 Nxe5+ 68. Kb7 Qf3+ 69. Kb8 Qxf6 70. Kb7 Qe7+ 71. Ka8 Qxc5 72. Kb8 Qe7 73. Ka8 Qd7 74. Kb8 Nc6+ 0-1

[Event "Cattolica op-B 3rd"]
[Site "Cattolica"]
[Date "2007.05.11"]
[Round "1"]
[White "Simeone, Giulio"]
[Black "Varini, Massimo"]
[Result "0-1"]
[WhiteElo "2003"]
[BlackElo "2023"]
[PlyCount "106"]
[EventDate "2007.05.11"]
[EventType "swiss"]
[EventRounds "5"]
[EventCountry "ITA"]
[SourceTitle "EXT 2024"]
[Source "ChessBase"]
[SourceDate "2023.10.10"]
[SourceVersion "1"]
[SourceVersionDate "2023.10.10"]
[SourceQuality "1"]

1. c4 Nf6 2. Nc3 g6 3. e4 d6 4. d4 Bg7 5. f3 0-0 6. Be3 Nc6 7. d5 Ne5 8. f4 Neg4 9. Bd4 c5 10. dxc6 bxc6 11. Nf3 c5 12. Bg1 Qa5 13. Qc2 Nxe4 14. Rc1 Nxc3 15. bxc3 Bf5 16. Bd3 Bxd3 17. Qxd3 Qxa2 18. Nd2 e5 19. h3 Nh6 20. fxe5 Rfe8 21. Be3 Nf5 22. Bg5 Rxe5+ 23. Kf2 Qa6 24. Ra1 Qc6 25. Nf3 Re6 26. Rhb1 h6 27. Bf4 Re4 28. Bd2 Bf6 29. g4 Nh4 30. Bxh6 Rae8 31. Nxh4 Bxh4+ 32. Kg1 Re2 33. Qd5 Qxd5 34. cxd5 Bf6 35. Rxa7 Bxc3 36. Bf4 Bd4+ 37. Kh1 Re1+ 38. Rxe1 Rxe1+ 39. Kg2 Be5 40. Bg5 Rd1 41. Be7 Rxd5 42. Ra8+ Kg7 43. g5 c4 44. Bf8+ Kh7 45. Ra7 Rd2+ 46. Kf1 Rd4 47. Rxf7+ Kg8 48. Rf3 Rf4 49. Rxf4 Bxf4 50. Be7 Kf7 51. Bd8 Ke6 52. h4 Kf5 53. Bb6 c3 0-1

[Event "Nova Gorica op-A 12th"]
[Site "Nova Gorica"]
[Date "2007.01.31"]
[Round "8"]
[White "Bozinovic, Boban"]
[Black "Varini, Massimo"]
[Result "0-1"]
[WhiteElo "2137"]
[BlackElo "2027"]
[PlyCount "128"]
[EventDate "2007.01.26"]
[EventType "swiss"]
[EventRounds "9"]
[EventCountry "SLO"]
[SourceTitle "CBM 116 Extra"]
[Source "ChessBase"]
[SourceDate "2007.03.07"]
[SourceVersion "1"]
[SourceVersionDate "2007.03.07"]
[SourceQuality "1"]

1. d4 Nf6 2. g3 d6 3. Bg2 e5 4. dxe5 dxe5 5. Qxd8+ Kxd8 6. Nc3 c6 7. Bg5 Be6 8. 0-0-0+ Nbd7 9. Nf3 h6 10. Bxf6+ gxf6 11. Ne4 Be7 12. Rd2 Kc7 13. Rhd1 Rad8 14. Nc3 Bb4 15. a3 Bxc3 16. bxc3 Nb6 17. Rxd8 Rxd8 18. Rxd8 Kxd8 19. Nd2 Kc7 20. e3 f5 21. Bf1 Na4 22. Nb1 Ba2 23. Nd2 Be6 24. c4 Kd6 25. Nb3 Nc5 26. f3 b6 27. Kd2 Na4 28. Be2 f6 29. h4 a5 30. Nc1 Bf7 31. Nb3 Bh5 32. g4 fxg4 33. fxg4 Bf7 34. Bd3 Be6 35. Be2 Bd7 36. Bf3 Nc5 37. Kc3 Be6 38. Nxc5 Kxc5 39. Be2 e4 40. a4 Bd7 41. Kb3 Kd6 42. Kc3 c5 43. Kb2 Bxa4 44. Kc3 Bd7 45. Kd2 Be6 46. Kc3 Ke7 47. Kd2 Kf7 48. c3 Kg6 49. Kc1 h5 50. gxh5+ Kh6 51. Kd2 Bf7 52. Bg4 Bxc4 53. Bf5 Kxh5 54. Bxe4 Kxh4 55. Bc6 Kg3 56. Ke1 b5 57. Kd2 Kf2 58. e4 a4 59. Bd5 a3 60. Kc2 Ke3 61. Bc6 a2 62. Kb2 Kd2 63. Bd5 a1Q+ 64. Kxa1 Kxc3 0-1

[Event "Nova Gorica op-A 12th"]
[Site "Nova Gorica"]
[Date "2007.01.28"]
[Round "4"]
[White "Saric, Ivan"]
[Black "Varini, Massimo"]
[Result "1-0"]
[WhiteElo "2469"]
[BlackElo "2027"]
[PlyCount "61"]
[EventDate "2007.01.26"]
[EventType "swiss"]
[EventRounds "9"]
[EventCountry "SLO"]
[SourceTitle "CBM 116 Extra"]
[Source "ChessBase"]
[SourceDate "2007.03.07"]
[SourceVersion "1"]
[SourceVersionDate "2007.03.07"]
[SourceQuality "1"]

1. e4 e6 2. d4 d5 3. Nc3 Nf6 4. e5 Nfd7 5. f4 c5 6. Nf3 Nc6 7. Be3 cxd4 8. Nxd4 Bc5 9. Qd2 0-0 10. 0-0-0 a6 11. Nb3 Bb4 12. Bd3 b5 13. g4 Nb6 14. Qf2 Rb8 15. g5 Bxc3 16. bxc3 Nc4 17. Bc5 Ne7 18. Qh4 g6 19. Qh6 Re8 20. h4 Rb7 21. h5 Nf5 22. Bxf5 exf5 23. Rh2 Re6 24. Rdh1 gxh5 25. Qxh7+ Kxh7 26. Rxh5+ Kg7 27. Rh7+ Kg8 28. Rh8+ Kg7 29. Rxd8 Bd7 30. Bf8+ Kg8 31. Be7+ 1-0

[Event "Nova Gorica op-A 12th"]
[Site "Nova Gorica"]
[Date "2007.01.27"]
[Round "2"]
[White "Biti, Ozren"]
[Black "Varini, Massimo"]
[Result "1-0"]
[WhiteElo "2395"]
[BlackElo "2027"]
[PlyCount "88"]
[EventDate "2007.01.26"]
[EventType "swiss"]
[EventRounds "9"]
[EventCountry "SLO"]
[SourceTitle "CBM 116 Extra"]
[Source "ChessBase"]
[SourceDate "2007.03.07"]
[SourceVersion "1"]
[SourceVersionDate "2007.03.07"]
[SourceQuality "1"]

1. e4 e6 2. d3 d5 3. Qe2 Be7 4. Nf3 Nf6 5. g3 c5 6. Bg2 Nc6 7. 0-0 0-0 8. e5 Nd7 9. c4 d4 10. h4 Rb8 11. Bf4 Qc7 12. Re1 b5 13. b3 a5 14. Nbd2 bxc4 15. bxc4 Nb6 16. Ng5 Nb4 17. Nxh7 Kxh7 18. Qh5+ Kg8 19. Be4 g6 20. Bxg6 fxg6 21. Qxg6+ Kh8 22. Qh5+ Kg8 23. Bh6 Bd8 24. Qg6+ Kh8 25. Bxf8 Qh7 26. Qxh7+ Kxh7 27. Bd6 Rb7 28. Red1 Nxd3 29. Ne4 Nb2 30. Nxc5 d3 31. Rdb1 N6xc4 32. Nxb7 Bxb7 33. Ba3 Nxa3 34. Rxb2 Be4 35. Rd1 Nc4 36. Rb3 Nxe5 37. f4 Nc4 38. Rdxd3 Bxd3 39. Rxd3 Bb6+ 40. Kh2 Kg6 41. Rc3 Ne3 42. Rc6 Nf1+ 43. Kg2 Ne3+ 44. Kf3 Nd5 1-0